| 000 | 01731nam0a2200337 4500 | ||
|---|---|---|---|
| 001 | RU\NLR\bibl\1360746 | ||
| 005 | 20260407201545.0 | ||
| 010 |
_a978-5-9782-0011-9 _9400 |
||
| 021 |
_aRU _b2009-14713 _9873 |
||
| 035 | _a(NLR Aleph) 001352921 | ||
| 090 |
_a932452 _c932452 |
||
| 100 | _a20090422d2008 |||y0rusy50 ca | ||
| 101 | 0 | _arus | |
| 102 | _aRU | ||
| 105 | _aabh ||||||||| | ||
| 200 | 1 |
_aВстречи с земляками по Волгодонью через века и тысячелетия _eДетский краеведческий альманах _fКом. по культуре Администрации Волгогр. обл., Волгогр. обл. дет. б-ка _g[сост.: Литовский Л.Я. _gред.: Земцова Г.В.] |
|
| 210 |
_aВолгоград _cЛитера _d2008 |
||
| 215 |
_a111 с., [1] л. цв. ил. _cил., факс., карт. _d29 |
||
| 225 | 1 |
_aЭто удивительное Волгодонье _eбиблиотечная серия |
|
| 320 | _aБиблиогр.: с. 109-110 и в конце разд. | ||
| 606 | 1 |
_aКраеведение историческое _yВолгоградская область _92295695 _3RU\NLR\auth\661374661 |
|
| 686 | _aТ3(2Р-4Во) | ||
| 702 | 1 |
_aЛитовский _bЛ. Я. _gЛеонид Я. _4220 |
|
| 702 | 1 |
_aЗемцова _bГ. В. _4340 |
|
| 712 | 0 | 2 |
_4570 _aВолгоградская областная детская библиотека _3RU\NLR\AUTH\8810132519 _9761479 |
| 801 | 0 |
_aRU _bNLR _c20090422 _gRCR |
|
| 801 | 1 |
_aRU _bNLR _c20090422 |
|
| 942 | _cBOOK | ||
| 980 | _aNB | ||
| 980 | _aNBR | ||